El valle del caos. (Registro nro. 437009)

Detalles MARC
000 -LÍDER
Campo fijo de descripción fija 00646nam a22002297a 4500
003 - IDENTIFICADOR DEL NÚMERO DE CONTROL
Campo de control BCEG
005 - FECHA Y HORA DE LA ULTIMA TRANSACCIÓN
control field 20260115124925.0
008 - ELEMENTOS DE LONGITUD FIJA -- INFORMACIÓN GENERAL
Campo fijo de descripción fija -- Información general 260115r19911990mx |||||||||||||||f|spa d
020 ## - ISBN
Isbn 847223195X
040 ## - FUENTE DE CATALOGACIÓN
Agencia de catalogación original BCEG
Idioma de catalogación spa
Agencia que realiza la transcripción BCEG
082 ## - NÚMERO DE CLASIFICACIÓN DECIMAL DEWEY
Número de clasificación 833.91
Clave de autor-Numero de item D793v
100 1# - ASIENTO PRINCIPAL--NOMBRE PERSONAL
Nombre del autor personal Dürrenmatt, Friedrich,
Fechas asociadas con el nombre 1921-1990.
245 13 - TÍTULO PROPIAMENTE DICHO
Título El valle del caos.
260 ## - PUBLICACIÓN, DISTRIBUCIÓN, ETC. (PIE DE IMPRENTA)
Lugar de publicación, distribución, etc. México :
Nombre del editor, distribuidor, etc. Tusquets : Patria,
Fecha de publicación, distribución, etc. 1990 (reimpresión 1991).
300 ## - DESCRIPCIÓN FÍSICA
Extensión 184 p.
490 ## - MENCIÓN DE SERIE
Mención de serie Andanzas ;
Designación numérica/secuencial del volumen 132.
534 ## - NOTA DE VERSIÓN ORIGINAL
Frase introductoria Título original:
Título original Durcheinandertal.
541 ## - NOTA DE FUENTE INMEDIATA DE ADQUISICIÓN
Nota de fuente de adquisición Donación.
650 14 - ASIENTO SECUNDARIO DE MATERIA - TERMINO TEMÁTICO
Término temático o nombre geográfico como elemento de entrada Novela suiza.
700 1# - ASIENTO SECUNDARIO - NOMBRE PERSONAL
Nombre personal Solar, Juan José del,
Fechas asociadas con el nombre 1949-2014,
Función o responsabilidad del autor tr.
942 ## - TIPO DE MATERIAL (KOHA)
Tipo de Item KOHA Libro
Existencias
No para Préstamo Colección Biblioteca de Origen Biblioteca Permanente Fecha de Adquisición Fuente de Adquisicion Total de Préstamos Signatura Topográfica Código de Barras Última vez visto Tipo de Material
Material en Reserva General Biblioteca Central Estatal de Guanajuato, "Wigberto Jiménez Moreno" Biblioteca Central Estatal de Guanajuato, "Wigberto Jiménez Moreno" 15/01/2026 DONAD   833.91 D793v BCEG8655230744 15/01/2026 Libro